| 000 | 01883nam0a2200361 4500 | ||
|---|---|---|---|
| 001 | RU\NLR\BIBL_A\022216138 | ||
| 005 | 20240724172402.0 | ||
| 010 |
_a978-5-00105-888-5 _950 |
||
| 021 |
_aRU _bКН-П-24-013581 _9КН-П-24-1418 |
||
| 035 | _a(NLR Aleph) 022216138 | ||
| 090 |
_a13087702 _c13087702 |
||
| 100 | _a20240507d2024 k y0rusy50 ca | ||
| 101 | 0 | _aeng | |
| 102 | _aRU | ||
| 105 | _aa j 000yy | ||
| 181 | 0 |
_ai3 _baxxe |
|
| 182 | 0 | _an | |
| 200 | 1 |
_aInformation technologies _eproblem-solving techniques for math packages _etextbook _fA. B. Makhovikov, O. V. Kosarev, Yu. A. Filyasova |
|
| 203 |
_aТекст _bвизуальный _cнепосредственный |
||
| 210 |
_aSaint-Petersburg _cLema _d2024 |
||
| 215 |
_a108 с. _cил. _d21 |
||
| 313 | _aВ пособии рассмотрены математические пакеты программ: Microsoft Excel, MathCAD, SMath Studio, MatLAB, SciLab. | ||
| 541 | 1 | _aИнформационные технологии : методы решения задач для математических пакетов : учебное пособие / А. Б. Маховиков, О. В. Косарев, Ю. А. Филясова | |
| 606 | 1 |
_aМатематика _xЗадачи _xРешение на компьютерах _jУчебные издания _2nlr_sh2 _3RU\NLR\AUTH\661264590 |
|
| 606 | 1 |
_aПакеты прикладных программ математические _jУчебные издания _2nlr_sh1 _2nlr_sh2 _3RU\NLR\AUTH\661254326 |
|
| 686 | 1 | _aВ192.1с116я7 | |
| 700 | 1 |
_aMaсhovikov _bA. B. _gAleksej Borisovič _3RU\NLR\AUTH\770268625 |
|
| 701 | 1 |
_aKosarev _bO.V. _gOleg Valer'evič _3RU\NLR\AUTH\770268638 |
|
| 701 | 1 |
_aFiljasova _bJ. A. _gJulija Anatol'evna _3RU\NLR\AUTH\770176289 |
|
| 942 | _cBOOK | ||
| 980 | _aNB | ||